|
|
|
|
| LEADER |
00000cim a2200000 a 4500 |
| 001 |
vtls011574358 |
| 003 |
SK-MaSNL |
| 005 |
20260301041512.0 |
| 007 |
sd fungnnmmned |
| 008 |
160822s2016 xo nnnnfs bf n slo |
| 015 |
|
|
|a SNBJ2016
|
| 020 |
|
|
|a 9788018051276 (CDROM)
|
| 040 |
|
|
|a SNK
|b slo
|c SNK
|e AACR2
|
| 041 |
0 |
|
|d slo
|
| 044 |
|
|
|a xo
|c SK
|
| 072 |
|
7 |
|a 314
|x Demografia. Populácia
|2 konspekt
|
| 080 |
|
|
|a 314.151.3-054.7
|2 2011
|
| 080 |
|
|
|a 321.64
|2 2011
|
| 080 |
|
|
|a 314.15-026.49
|2 2011
|
| 080 |
|
|
|a (437)
|2 2011
|
| 080 |
|
|
|a (437.6)
|2 2011
|
| 080 |
|
|
|a (0:82-322.6)
|2 2011
|
| 080 |
|
|
|a (086.76)
|2 2011
|
| 100 |
1 |
|
|a Kollár, Jozef,
|d 1960-
|4 aut
|9 111263
|
| 245 |
1 |
0 |
|a 55 minút medzi životom a smrťou
|h elektronický zdroj
|c Jozef Kollár ; číta: Jozef Lapšanský
|
| 246 |
3 |
|
|a Päťdesiatpäť minút medzi životom a smrťou
|
| 260 |
|
|
|a V Levoči
|b Slovenská knižnica pre nevidiacich Mateja Hrebendu
|c 2016
|
| 300 |
|
|
|a 1 elektronický optický disk (CD-ROM)
|b digitál., MP3
|c 12 cm
|
| 306 |
|
|
|a 052200
|
| 520 |
8 |
|
|a Dvojnásobný majster ČSSR v cyklistike Robert Hutyra sa v roku 1983 rozhodol s rodinou opustiť republiku. Nebolo to jednoduché rozhodnutie, no po odmietnutí spolupráce s Štb, pociťoval zo strany vládnucej triedy šikanu a navyše v socialistickom zriadení, kde všetko patrilo všetkým a nikto nebol za nič zodpovedný, nemohol rozvinúť svoj podnikateľský talent. Na cestu za železnú oponu si vybral teplovzdušný balón. Veľké dobrodružstvo sa odohralo v noci zo 6. na 7. september. Keď ich zachytila pohraničná hliadka, boli už v bezpečnej výške a po 55 minútach zosadli v rakúskom vinohrade. Autor v druhej časti knihy podáva svedectvo nielen o útekoch cez našu hranicu, ale aj o útekoch cez Berlínsky múr, ktorý bol desaťročia symbolom rozdelenia nemeckého národa
|
| 521 |
|
|
|a Pre nevidiacich, slabozrakých a inak zdravotne postihnutých
|
| 650 |
0 |
7 |
|a emigranti
|z Slovensko
|2 SNKPH
|9 343316
|
| 650 |
0 |
7 |
|a totalitné režimy
|z Československo
|2 SNKPH
|9 343317
|
| 650 |
0 |
7 |
|a emigrácia
|z Československo
|2 SNKPH
|9 343318
|
| 655 |
|
7 |
|a zvukové záznamy
|2 SNKPH
|9 70720
|
| 655 |
|
7 |
|a CD-ROM
|2 SNKPH
|9 70236
|
| 655 |
|
7 |
|a biografické príbehy
|2 SNKPH
|9 70709
|
| 700 |
1 |
|
|a Lapšanský, Jozef
|4 nrt
|9 325837
|
| 752 |
|
|
|a Slovensko
|d Levoča
|
| 787 |
0 |
8 |
|i Podľa knihy:
|t 55 minút medzi životom a smrťou
|d [Banská Bystrica] : Forza Music, 2015
|z 978-80-89359-79-0
|
| 919 |
|
|
|a 978-80-18-05127-6
|
| 958 |
|
|
|a SX
|
| 958 |
|
|
|a BX
|
| 999 |
|
|
|c 588652
|d 590582
|
| 952 |
|
|
|a SNK
|b SNK
|y PREZ
|7 0
|p 17A1216724
|o snkSCD 3997
|i snk2016/24669
|8 0
|0 0
|1 0
|4 0
|d 2016-10-20
|l 0
|r 2026-02-23 15:16:37
|w 2026-02-23
|